000 00463nam a2200157Ia 4500
003 OSt
005 20200728095501.0
008 190216s9999||||xx |||||||||||||| ||und||
040 _coclc
082 _a510
_bNAM/B
100 _aNambudiri, C Krishnan
_93799
245 0 _aBharatheeya Sasthra Chintha /
_cC Krishnan Nambudiri
260 _bArsha Prakasham Pub,
_c1998.
_aCalicut:
300 _a379p
942 _cBK
_2ddc
_h510
_iNAM/B
_k510
_mNAM/B
999 _c31478
_d31478